000 00472nam a2200181Ia 4500
001 42885
008 140425s9999 xx 000 0 und d
020 _aNA
040 _cPK-LaUMT
082 _aRHC 891.551
_bAHM-S
100 _aAhmad Nomani, Raes
245 _aSurma-e-etibaar (Persian)
_cAhmad Nomani, Raes
260 _aNew Delhi,India:
_bCenter for Persian Research,
_c2009
300 _a186 p.
546 _aPersian
650 _aPersian literature
942 _cBK
999 _c40897
_d40897